Loading...
| Literature - American | 0 | 4 | 1 | 0 | 35 | 72 | 94.00 | 0 | 1 | 13.57 | 15.83 |
| Fine Arts - Painting and Sculpture | 0 | 3 | 0 | 0 | 30 | 97 | 105.00 | 0 | 1 | 4.41 | 14.00 |
| History - American | 0 | 3 | 0 | 0 | 30 | 87 | 94.00 | 0 | 0 | 7.37 | 16.00 |
| Science - Chemistry | 0 | 3 | 0 | 0 | 30 | 100 | 108.67 | 0 | 0 | 3.00 | 10.28 |
| Fine Arts - Other | 0 | 2 | 0 | 0 | 20 | 96 | 117.00 | 0 | 1 | 2.56 | 9.50 |
| Literature - European | 0 | 2 | 0 | 1 | 20 | 82 | 106.00 | 0 | 0 | 4.30 | 8.00 |
| Literature - World | 0 | 2 | 0 | 0 | 20 | 109 | 124.50 | 0 | 0 | 2.60 | 6.00 |
| Mythology | 0 | 2 | 0 | 2 | 20 | 116 | 126.50 | 0 | 0 | 1.35 | 3.00 |
| Religion | 0 | 2 | 0 | 1 | 20 | 101 | 115.50 | 0 | 0 | 1.22 | 7.50 |
| Science - Biology | 0 | 2 | 0 | 1 | 20 | 96 | 102.00 | 0 | 0 | 3.01 | 5.00 |
| Philosophy | 0 | 2 | 1 | 1 | 15 | 98 | 107.50 | 0 | 0 | 1.48 | 5.83 |
| Popular Culture | 0 | 1 | 0 | 0 | 10 | 95 | 95.00 | 0 | 1 | 11.19 | 26.67 |
| Science - Physics | 0 | 1 | 0 | 0 | 10 | 113 | 113.00 | 0 | 0 | 0.26 | 1.67 |
| History - World | 0 | 1 | 0 | 0 | 10 | 109 | 109.00 | 0 | 0 | 1.74 | 4.00 |
| Literature - British | 0 | 1 | 0 | 0 | 10 | 146 | 146.00 | 0 | 0 | 0.00 | 0.83 |
| Social Science | 0 | 1 | 0 | 0 | 10 | 83 | 83.00 | 0 | 0 | 2.65 | 5.83 |
| Science - Other | 0 | 1 | 0 | 1 | 10 | 112 | 112.00 | 0 | 0 | 0.00 | 0.83 |
| Other Academic | 0 | 1 | 0 | 1 | 10 | 122 | 122.00 | 0 | 0 | 3.21 | 3.70 |
| History - Other | 0 | 0 | 0 | 0 | 0 | 0.00 | 0 | 0 | 0.00 | 0.00 |